The grammar of justice /

Bibliographic Details
Main Author: Wolgast, Elizabeth Hankins, 1929-
Format: Book
Language:English
Published: Ithaca, N.Y. : Cornell University Press, 1987.
Subjects:

MARC

Tag First Indicator Second Indicator Subfields
LEADER 00000cam a2200000 a 4500
001 in00000010200
005 20151006080016.0
008 870522s1987 nyu b 00110 eng
010 |a  87047608  
020 |a 0801494028 (pbk. : alk. paper) 
020 |a 0801420814 (hard : alk. paper) 
035 |a (OCoLC)15856639 
035 |9 AAA2400AM 
040 |a DLC  |c DLC  |d TXA  |d UtOrBLW 
049 |a TXAM  |c [A11027101] 
050 0 0 |a JC578  |b .W65 1987 
082 0 |a 320/.01/1  |2 19 
100 1 |a Wolgast, Elizabeth Hankins,  |d 1929- 
245 1 4 |a The grammar of justice /  |c Elizabeth H. Wolgast. 
264 1 |a Ithaca, N.Y. :  |b Cornell University Press,  |c 1987. 
300 |a xiii, 219 pages ;  |c 23 cm. 
336 |a text  |b txt  |2 rdacontent 
337 |a unmediated  |b n  |2 rdamedia 
338 |a volume  |b nc  |2 rdacarrier 
504 |a Includes bibliographical references and index. 
650 0 |a Justice. 
999 |a MARS 
999 f f |s 77165707-3275-38dc-bd40-fc0bdea0e242  |i 09b93e3a-677d-364e-93ff-6f8d0d18f16e  |t 0 
952 f f |p normal  |a Texas A&M University  |b College Station  |c Sterling C. Evans Library  |d Evans: Library Stacks  |t 0  |e JC578 .W65 1987  |h Library of Congress classification  |i unmediated -- volume  |m A14811027101 
998 f f |a JC578 .W65 1987  |t 0  |l Evans: Library Stacks